00495nam a2200181Ii 450000100060000000300090000600800410001504000330005604100080008908200130009710000240011024500240013426400620015830000120022033600260023233700280025833800270028610216CO-ViMGA241108s9999||||xx |||||||||||||| ||und|| aCO-ViMGAbspaerdacCO-ViMGA0 aunk04a861-H8721 aAgustín de la Hoz10aCueva de los verdes 1a[Lugar de publicación no identificado] : Saavedra, 1965 avolumen atextbtxt2rdacontent aunmediatedbn2rdamedia avolumebnc2rdacarrier